| 000 | 00510nam a22001577a 4500 | ||
|---|---|---|---|
| 020 | _qHard Cover. | ||
| 082 | _a658 | ||
| 100 | _aTausif, Sadaf | ||
| 245 |
_aDelivery Mechanisms Using Drones in Pakistan Consumer Acceptance and Retail Sector Viability _cSadaf Tausif. |
||
| 260 |
_aIslamabad : _bNBS - NUST, _c2017. |
||
| 300 |
_aii, 82 p. : ill. ; _c30cm. |
||
| 650 |
_aMBA Thesis. _917629 |
||
| 700 |
_aMs. Rabeel Khan. _926505 |
||
| 942 |
_2ddc _cTHE |
||
| 999 |
_c532884 _d532884 |
||